Nová dedina : roľnícke noviny Zlatomoraveckého okresu

Uložené v:
Podrobná bibliografia
Nový názov:Smer dediny
Predchádzajúci názov:Vzorná brázda
Médium: Časopis
Jazyk:Slovak
Vydané: Zlaté Moravce : ONV, 1952-1954
Témy:
Tagy: Pridať tag
Žiadne tagy, Buďte prvý kto otaguje tento záznam!

MARC

LEADER 00000nas a2200000 a 4500
001 000306621
003 SVKK
005 20040720112102.0
008 030729d19521954xo r|p||| |0 a0slo
040 |a BAA001  |b slo 
080 |a 631  |2 2002 
245 0 0 |a Nová dedina :  |b roľnícke noviny Zlatomoraveckého okresu 
260 |a Zlaté Moravce :  |b ONV,  |c 1952-1954 
310 |a Týždenník 
362 0 |a 2 (1952), júl-4 (1954), jan. 
653 0 |a okresné časopisy 
653 0 |a poľnohospodárstvo 
780 0 0 |t Vzorná brázda 
785 0 0 |t Smer dediny 
910 |a KE001  |b C.361 
974 |a kan  |d 20030609 
998 |a SE 
090 |g CASOS  |k Sklad Pribinova suterén  |a C.361  |j 00000  |i 2720563936  |4 Silne poškodené  |s Vyradená